02501nam a22002297a 450000500170000000800410001702000180005804000070007604100080008308200220009110000270011324500550014026000420019530000240023736500620026152016970032365000430202070000260206394200120208999900190210195201510212020230817102439.0230812b ||||| |||| 00| 0 eng d a9789327199000 cAL aeng 223a574.502bSINN aDeepika Singla9129911 aNTA UGC NET JRF SET Environmental Science Paper- 2 aNew DelhibArihant Publicationsc2019 a691p.bPBc26x21cm. 2Generala3819b₹556.00c₹d₹695.00e20%f10/08/2023 aUGC NET is a national-level exam conducted by NTA to certify the eligibility of candidates for the post of ‘Assistant Professor’ or ‘Junior Research Fellowship’. The aspirants must check the exam pattern and latest syllabus to reserve their seats for the aforementioned post. To make yourself exam ready, take hold on the updated and revised edition of “NTA UGC NET/JRF/SET PAPER-2 Environmental Science, which has been designed as a complete package for the aspiring candidates of UGC NET in Environmental Science. This book provides exhaustive, crisp text resources and an enormous question bank with answers to help aspirants for passing the exam on the first attempt. Prepared as per the latest syllabus applicable from June 2019, the main chapter contents are highlighted to quickly brush up on the chapter before the exam. This book caters to all aspirants' requirements and makes them do well in the NTA UGC exam. 1. A complete package for NTA UGC NET/JRF/SET PAPER-2 Environmental Science 2. Coverage of the entire syllabus in 10 units 3. Inclusion of Previous Years’ Questions and 3 Model Papers 4. Main contents of the chapter are highlighted 5. Approx. 4000+ MCQs are provided to deeply understand topics Table of Content Unit 1: Fundamental of Environmental Science, Unit 2: Environmental Chemistry, Unit 3: Environmental Biology, Unit 4: Environmental Geosciences, Unit 5: Energy and Environmental, Unit 6: Environmental Pollution and Control, Unit 7: Solid and Hazardous Waste Management, Unit 8: Environmental Assessment, Management and Legislation, Unit 9: Statistical Approaches and Modelling in Environmental Sciences, Unit 10: Contemporary Environmental Issues 2BiologyaEnvironmental Science9129912 aSharma, Vivek9129913 2ddccBK c228305d228305 00102ddc40708GENaSACPGbSACPGd2023-08-11eBiblios Book Pointg556.00l0o574.502 SINNpPG024377r2023-08-12 00:00:00v695.00w2023-10-08yBK